000 00547nam a2200217Ia 4500
008 180620s9999 xx 000 0 und d
020 _a0-86411-165-7
050 _aREF TT 857
050 _b.D43 1990
245 0 _aDecorative craft for the home /
260 _aAustralia :
260 _bMurdoch books,
260 _c1990
300 _a112 pages :
300 _bcolored illustrations ;
300 _c27 cm.
440 _aBetter homes and gardens
500 _aIncludes index.
650 _aDecorative arts.
650 _xHandicrafts.
999 _c358046
_d358046